al-Muín diccionario Español-Árabe

محفوظ في:

المؤلف الرئيسي: Yūsuf Muḥammad Riḍā

مؤلفون آخرون: رضا، يوسف محمد

التنسيق: كتاب

اللغة: Undetermined

منشور في: Lubnān مكتبة لبنان،, Zūq Muṣbaḥ, Kasrawān 1993

الموضوعات:

الوسوم: إضافة وسم

لا توجد وسوم, كن أول من يضع وسما على هذه التسجيلة!

رقم الطلب: (REF) PJ16645 .R53

LEADER 00713nam a2200193Ia 4500
008 221002s9999||||xx |||||||||||||| ||und||
020 |a 30452643 
050 4 |a (REF) PJ16645 .R53 
100 1 |a Yūsuf Muḥammad Riḍā  
245 1 0 |a  al-Muín  |b diccionario Español-Árabe 
264 1 |a Lubnān  |b مكتبة لبنان،, Zūq Muṣbaḥ, Kasrawān  |c 1993 
300 |a  824p.  |b  xvi, 824 pages : illus  |c 25cm. 
650 4 |a  Spanish language Dictionaries Arabic 
650 4 |a Dictionaries 
650 4 |a Spanish language 
700 1 |a  رضا، يوسف محمد 
942 |2 lcc  |c BK 
952 |0 0  |1 0  |2 lcc  |4 0  |7 1  |9 43015  |a ARCE  |b ARCE  |d 2022-10-02  |l 0  |o (REF) PJ16645 .R53  |r 2022-10-02 00:00:00  |w 2022-10-02  |y BK 
999 |c 49571  |d 49571